مكتبة جامعة عجلون الوطنية

فهرس بحث المكتبة

Normal view MARC view
  • العراق - تاريخ - الاحتلال الامريكي للعراق - 2003-2011 - العراق -سياسة وحكومة - 2003

Entry Topical Term

Number of records used in: 1

001 - CONTROL NUMBER

  • control field: 56878

003 - CONTROL NUMBER IDENTIFIER

  • control field: JO-AjAnu

005 - DATE AND TIME OF LATEST TRANSACTION

  • control field: 20230606083322.0

008 - FIXED-LENGTH DATA ELEMENTS

  • fixed length control field: 230606|| aca||aabn | a|a d

040 ## - CATALOGING SOURCE

  • Original cataloging agency: JO-AjAnu
  • Transcribing agency: JO-AjAnu

150 ## - HEADING--TOPICAL TERM

  • Topical term or geographic name entry element: العراق - تاريخ - الاحتلال الامريكي للعراق - 2003-2011 - العراق -سياسة وحكومة - 2003

670 ## - SOURCE DATA FOUND

  • Source citation: Work cat.: (JO-AjAnu)29023: اصدار هيئة علماء المسلمين في العراق قسم الثقافة والاعلام؛ تقديم الفيضي، محمد بشار, author 56877, بيانات هيئة علماء المسلمين في العراق: حصاد الاحتلال الامريكي والهيمنة الإيرانية في العراق، الجزء الرابع